Normal view
MARC view
Entry Topical Term
001 - CONTROL NUMBER
- control field: 32216
003 - CONTROL NUMBER IDENTIFIER
- control field: ARRUPE
005 - DATE AND TIME OF LATEST TRANSACTION
- control field: 20170605152706.0
008 - FIXED-LENGTH DATA ELEMENTS
- fixed length control field: 170605|| aca||aabn | a|a d
040 ## - CATALOGING SOURCE
- Original cataloging agency: ARRUPE
- Transcribing agency: ARRUPE
150 ## - HEADING--TOPICAL TERM
- Topical term or geographic name as entry element: Nkrumah, Kwame
- General subdivision: Chiefdoms
- Chronological subdivision: 1909-1972
670 ## - SOURCE DATA FOUND
- Source citation: Work cat.: (ARRUPE)9568: Rathbone, Richard 27402, Nkrumah and the chiefs, 1999